[Event "BL2-West 2122"]
[Site "Germany"]
[Date "2022.04.30"]
[Round "3.8"]
[White "Huhndorf, Arnold"]
[Black "Lin, Yi1111"]
[Result "1-0"]
[WhiteElo "2193"]
[BlackElo "2394"]
[PlyCount "85"]
[EventDate "2022.03.05"]
[EventType "team-tourn"]
[EventRounds "10"]
[EventCountry "GER"]
[SourceTitle "EXT 2023"]
[Source "ChessBase"]
[SourceDate "2022.10.05"]
[SourceVersion "1"]
[SourceVersionDate "2022.10.05"]
[SourceQuality "1"]
[WhiteTeam "Remagen Sinzig"]
[BlackTeam "Dortmund Hansa"]
[WhiteTeamCountry "GER"]
[BlackTeamCountry "GER"]

1. d4 d6 2. c4 Nf6 3. Nc3 Nbd7 4. e4 e5 5. Nf3 Be7 6. g3 c6 7. Bg2 0-0 8. 0-0 Qc7 9. h3 a6 10. Be3 b5 11. cxb5 axb5 12. b4 Nb6 13. Nd2 Na4 14. Ne2 Bb7 15. f4 Rfe8 16. g4 h6 17. Qb3 c5 18. bxc5 dxc5 19. dxe5 c4 20. Qxb5 c3 21. exf6 Bxf6 22. Nb3 Ba6 23. Qxa4 Bxe2 24. Qb4 Bxf1 25. Rxf1 Rxa2 26. Qc5 Qb8 27. Nc1 Rc2 28. e5 Qb2 29. Be4 Rh2 30. Nd3 Qe2 31. Nf2 Bh4 32. Bd3 Bxf2+ 33. Rxf2 Qxd3 34. Kxh2 Rd8 35. e6 fxe6 36. Qe5 Rd5 37. Qxe6+ Kh7 38. f5 Rd6 39. Qe5 Rd5 40. Qf4 Qb1 41. f6 Rd1 42. fxg7 Rh1+ 43. Kg3 1-0

[Event "BL2-West 1920"]
[Site "Germany"]
[Date "2021.08.08"]
[Round "9.7"]
[White "Huhndorf, Arnold"]
[Black "Albrecht, Oliver"]
[Result "0-1"]
[WhiteElo "2211"]
[BlackElo "2148"]
[PlyCount "50"]
[EventDate "2019.09.19"]
[EventType "team-tourn"]
[EventRounds "9"]
[EventCountry "GER"]
[SourceTitle "EXT 2023"]
[Source "ChessBase"]
[SourceDate "2022.10.05"]
[SourceVersion "1"]
[SourceVersionDate "2022.10.05"]
[SourceQuality "1"]
[WhiteTeam "Remagen Sinzig"]
[BlackTeam "Siegburg"]
[WhiteTeamCountry "GER"]
[BlackTeamCountry "GER"]

1. d4 Nf6 2. c4 g6 3. Nc3 d5 4. cxd5 Nxd5 5. e4 Nxc3 6. bxc3 Bg7 7. Nf3 c5 8. Bb5+ Nc6 9. d5 Qa5 10. Rb1 a6 11. Bxc6+ bxc6 12. 0-0 0-0 13. Bg5 cxd5 14. exd5 Re8 15. Re1 Bf5 16. Rb7 f6 17. Bf4 Qxc3 18. Rbxe7 Rxe7 19. Rxe7 Bf8 20. Rc7 Qc4 21. Qd2 Rd8 22. d6 Bxd6 23. Bxd6 Rxd6 24. Qe1 Qe6 25. Qc1 Qe2 0-1

[Event "Ferreira do Alentejo 2nd"]
[Site "Ferreira do Alentejo"]
[Date "2019.12.21"]
[Round "8"]
[White "Avelino, Camila Biscaya"]
[Black "Huhndorf, Arnold"]
[Result "1/2-1/2"]
[WhiteElo "1774"]
[BlackElo "2220"]
[PlyCount "70"]
[EventDate "2019.12.17"]
[EventType "swiss"]
[EventRounds "9"]
[EventCountry "POR"]
[SourceTitle "CBM 193 Extra"]
[Source "ChessBase"]
[SourceDate "2020.01.31"]
[SourceVersion "1"]
[SourceVersionDate "2020.01.31"]
[SourceQuality "1"]

1. e4 c5 2. Nf3 g6 3. d4 cxd4 4. Nxd4 Nc6 5. Nc3 Bg7 6. Be3 Nf6 7. Nxc6 bxc6 8. e5 Nd5 9. Nxd5 cxd5 10. Qxd5 Rb8 11. 0-0-0 Qc7 12. Qc5 Qxc5 13. Bxc5 Bxe5 14. Bd4 Bxd4 15. Rxd4 Rb6 16. Bc4 e6 17. Rhd1 Ke7 18. b3 h6 19. a4 a5 20. Bb5 d6 21. Rc4 Bb7 22. Rc7+ Kf6 23. f3 d5 24. c4 Ba8 25. Ra7 Rc8 26. Rxa5 dxc4 27. bxc4 Bd5 28. Rd4 Bxc4 29. Rxc4 Rxb5 30. axb5 Rxc4+ 31. Kd2 Ke5 32. Kd3 Rb4 33. Kc3 Rb1 34. Kc2 Rb4 35. Kc3 Rb1 1/2-1/2

[Event "Ferreira do Alentejo 2nd"]
[Site "Ferreira do Alentejo"]
[Date "2019.12.20"]
[Round "6"]
[White "Liu, Zhaoqi"]
[Black "Huhndorf, Arnold"]
[Result "1-0"]
[WhiteElo "2380"]
[BlackElo "2220"]
[PlyCount "165"]
[EventDate "2019.12.17"]
[EventType "swiss"]
[EventRounds "9"]
[EventCountry "POR"]
[SourceTitle "CBM 193 Extra"]
[Source "ChessBase"]
[SourceDate "2020.01.31"]
[SourceVersion "1"]
[SourceVersionDate "2020.01.31"]
[SourceQuality "1"]

1. c4 Nf6 2. Nc3 g6 3. g3 Bg7 4. Bg2 0-0 5. d4 c5 6. d5 d6 7. Nf3 e6 8. dxe6 fxe6 9. 0-0 Nc6 10. Bg5 h6 11. Bxf6 Bxf6 12. Qd3 Kg7 13. Rad1 Be7 14. Ne4 d5 15. cxd5 exd5 16. Nxc5 Qa5 17. Nb3 Qxa2 18. Qc3+ Bf6 19. Nfd4 Nxd4 20. Nxd4 Qc4 21. Qe3 Bd7 22. b3 Qb4 23. Nc2 Qb6 24. Qxb6 axb6 25. Nb4 d4 26. Nd5 Bb5 27. Nxf6 Rxf6 28. Rxd4 Bxe2 29. Re1 Ra2 30. Rd7+ Rf7 31. Rxf7+ Kxf7 32. Bxb7 Rb2 33. Kg2 Kf6 34. Bd5 g5 35. h3 h5 36. Bc4 Bxc4 37. bxc4 Rc2 38. Re4 Kf5 39. Rd4 Ke5 40. Rd5+ Kf6 41. Rd6+ Kg7 42. Rc6 Rc3 43. f4 gxf4 44. gxf4 h4 45. Rxb6 Rxc4 46. Kf3 Rc1 47. Kg4 Rf1 48. Kg5 Rg1+ 49. Kxh4 Kf7 50. Kh5 Rg3 51. h4 Rg1 52. Rb5 Kf6 53. Rg5 Rh1 54. Kg4 Rg1+ 55. Kf3 Rh1 56. h5 Rh4 57. Ra5 Rh1 58. Rb5 Rh4 59. Ke4 Rh1 60. Rb6+ Kf7 61. h6 Rh5 62. Ra6 Rh1 63. Kf5 Rh5+ 64. Kg4 Rh1 65. Kg5 Rg1+ 66. Kf5 Rh1 67. Ra7+ Kg8 68. Kg6 Rg1+ 69. Kf6 Rh1 70. Ra8+ Kh7 71. f5 Rxh6+ 72. Kf7 Rb6 73. Re8 Rb1 74. f6 Rb6 75. Re6 Rb7+ 76. Kf8 Rb8+ 77. Re8 Rb6 78. f7 Rb7 79. Rd8 Rb1 80. Ke8 Re1+ 81. Kd7 Rd1+ 82. Kc7 Rc1+ 83. Kb6 1-0

[Event "BL2-West 1920"]
[Site "Germany"]
[Date "2019.11.24"]
[Round "3.8"]
[White "Huhndorf, Arnold"]
[Black "Siebenhaar, Erich"]
[Result "1-0"]
[WhiteElo "2211"]
[BlackElo "2025"]
[PlyCount "139"]
[EventDate "2019.09.19"]
[EventType "team-tourn"]
[EventRounds "9"]
[EventCountry "GER"]
[SourceTitle "EXT 2023"]
[Source "ChessBase"]
[SourceDate "2022.10.05"]
[SourceVersion "1"]
[SourceVersionDate "2022.10.05"]
[SourceQuality "1"]
[WhiteTeam "Remagen Sinzig"]
[BlackTeam "Schott Mainz"]
[WhiteTeamCountry "GER"]
[BlackTeamCountry "GER"]

1. d4 g6 2. c4 Bg7 3. Nc3 d6 4. e4 Nc6 5. d5 Nd4 6. Be3 c5 7. dxc6 Nxc6 8. Qd2 Be6 9. Nd5 Nf6 10. f3 0-0 11. Ne2 Ne5 12. Nec3 Rc8 13. b3 Bxd5 14. exd5 a6 15. Rc1 e6 16. Be2 exd5 17. Nxd5 Nxd5 18. Qxd5 Qe7 19. Kf2 Rfe8 20. Qd2 Qf6 21. h3 h6 22. Rhe1 Kh7 23. Kg1 Nc6 24. Rcd1 Qc3 25. Bxh6 Qd4+ 26. Kh1 Bf6 27. Qf4 Qxf4 28. Bxf4 Bc3 29. Bd2 Bf6 30. Bd3 Bh4 31. Rxe8 Rxe8 32. Be4 Bg3 33. Be1 Be5 34. g3 Nd8 35. Kg2 Kg7 36. b4 f5 37. Bd5 f4 38. g4 Nc6 39. b5 axb5 40. cxb5 Nd4 41. Bxb7 Nc2 42. Rc1 Bd4 43. Rxc2 Rxe1 44. Bd5 Kf6 45. h4 Rg1+ 46. Kh2 Ke5 47. Be4 Rf1 48. Re2 d5 49. Bd3+ Kf6 50. g5+ Kf7 51. Re7+ Kxe7 52. Bxf1 Bb6 53. Bd3 Kf7 54. a4 Ba5 55. Kg2 Bb6 56. Kf1 Ba5 57. Ke2 Kg7 58. Bb1 Kf7 59. Kd3 Ke6 60. Ke2 Kf7 61. Kf2 Bb6+ 62. Kg2 Kg7 63. Kh3 Ba5 64. Kg4 Bc7 65. h5 gxh5+ 66. Kxh5 Ba5 67. Kg4 Bc7 68. Kf5 d4 69. Ke6 Bd8 70. g6 1-0

[Event "Ghent Eastman op 42nd"]
[Site "Ghent"]
[Date "2019.07.22"]
[Round "5"]
[White "Huhndorf, Arnold"]
[Black "Lopuszanski, Kamil"]
[Result "1/2-1/2"]
[WhiteElo "2256"]
[BlackElo "1995"]
[PlyCount "55"]
[EventDate "2019.07.20"]
[EventType "swiss"]
[EventRounds "9"]
[EventCountry "BEL"]
[SourceTitle "CBM 191 Extra"]
[Source "ChessBase"]
[SourceDate "2019.09.30"]
[SourceVersion "1"]
[SourceVersionDate "2019.09.30"]
[SourceQuality "1"]

1. d4 Nf6 2. c4 g6 3. Nc3 d6 4. e4 Bg7 5. Be2 0-0 6. Bg5 Nbd7 7. Qd2 c6 8. Nf3 e5 9. 0-0 Qc7 10. b4 a5 11. b5 Re8 12. bxc6 bxc6 13. d5 Nc5 14. Qc2 Bb7 15. Nd2 cxd5 16. Nb5 Qd7 17. cxd5 Rec8 18. Qb1 Ba6 19. a4 Rab8 20. Rc1 Rb7 21. Be3 Qd8 22. Bxc5 dxc5 23. Nc4 Ne8 24. Ra3 Rcb8 25. Rb3 Bxb5 26. Rxb5 Rxb5 27. axb5 Nd6 28. Nxd6 1/2-1/2

[Event "BL2-West 1819"]
[Site "Germany"]
[Date "2019.02.24"]
[Round "7.6"]
[White "Huhndorf, Arnold"]
[Black "Hobusch, Jan"]
[Result "1/2-1/2"]
[WhiteElo "2245"]
[BlackElo "2227"]
[PlyCount "42"]
[EventDate "2018.11.21"]
[EventType "team-tourn"]
[EventRounds "9"]
[EventCountry "GER"]
[SourceTitle "CBM 190 Extra"]
[Source "ChessBase"]
[SourceDate "2019.07.15"]
[SourceVersion "1"]
[SourceVersionDate "2019.07.15"]
[SourceQuality "1"]
[WhiteTeam "Remagen Sinzig"]
[BlackTeam "Solingen II"]
[WhiteTeamCountry "GER"]
[BlackTeamCountry "GER"]

1. d4 d5 2. c4 dxc4 3. Nf3 a6 4. e3 b5 5. a4 Bb7 6. axb5 axb5 7. Rxa8 Bxa8 8. b3 e6 9. bxc4 bxc4 10. Bxc4 Nf6 11. 0-0 Be7 12. Ne5 0-0 13. Qa4 Nbd7 14. Nc6 Bxc6 15. Qxc6 Nb8 16. Qb5 c6 17. Qb7 c5 18. Rd1 Nbd7 19. dxc5 Nxc5 20. Rxd8 Nxb7 21. Rxf8+ Kxf8 1/2-1/2

[Event "BL2-West 1819"]
[Site "Germany"]
[Date "2018.12.16"]
[Round "4.6"]
[White "Huhndorf, Arnold"]
[Black "Stillger, Bernhard"]
[Result "1/2-1/2"]
[WhiteElo "2245"]
[BlackElo "2239"]
[PlyCount "42"]
[EventDate "2018.11.21"]
[EventType "team-tourn"]
[EventRounds "9"]
[EventCountry "GER"]
[SourceTitle "CBM 190 Extra"]
[Source "ChessBase"]
[SourceDate "2019.07.15"]
[SourceVersion "1"]
[SourceVersionDate "2019.07.15"]
[SourceQuality "1"]
[WhiteTeam "Remagen Sinzig"]
[BlackTeam "Muelheim Nord II"]
[WhiteTeamCountry "GER"]
[BlackTeamCountry "GER"]

1. d4 Nf6 2. c4 g6 3. Nc3 d5 4. cxd5 Nxd5 5. e4 Nxc3 6. bxc3 Bg7 7. Nf3 c5 8. Be3 Qa5 9. Qd2 Nc6 10. Rb1 b6 11. Bb5 Bd7 12. Rb3 cxd4 13. cxd4 Rd8 14. d5 Qxd2+ 15. Bxd2 Nd4 16. Nxd4 Bxd4 17. Bxd7+ Rxd7 18. Bc3 Bxc3+ 19. Rxc3 f5 20. f3 Kf7 21. Ke2 e6 1/2-1/2

[Event "Oberliga Sued W 1718"]
[Site "Germany"]
[Date "2017.10.08"]
[Round "2.5"]
[White "Brueckner, Eike"]
[Black "Huhndorf, Arnold"]
[Result "0-1"]
[WhiteElo "2099"]
[BlackElo "2211"]
[PlyCount "52"]
[EventDate "2017.09.10"]
[EventType "team-tourn"]
[EventRounds "11"]
[EventCountry "GER"]
[SourceTitle "EXT 2019"]
[Source "ChessBase"]
[SourceDate "2018.10.10"]
[SourceVersion "1"]
[SourceVersionDate "2018.10.10"]
[SourceQuality "1"]
[WhiteTeam "Gau Algesheim"]
[BlackTeam "Remagen"]
[WhiteTeamCountry "GER"]
[BlackTeamCountry "GER"]

1. e4 c5 2. Nf3 g6 3. d4 cxd4 4. Nxd4 Nc6 5. Be3 Bg7 6. Nc3 Nf6 7. f3 0-0 8. Qd2 d5 9. 0-0-0 dxe4 10. Nxc6 Qxd2+ 11. Rxd2 bxc6 12. fxe4 Ng4 13. Nd1 Nxe3 14. Nxe3 Be6 15. b3 Bh6 16. Rd3 f5 17. exf5 Bxf5 18. Rc3 Rad8 19. Be2 Be4 20. Kb1 Rd2 21. Re1 Rf2 22. Bc4+ Kg7 23. Ng4 Rxg2 24. Rxe4 Rd1+ 25. Kb2 Bc1+ 26. Kb1 Ba3# 0-1

[Event "Albena op"]
[Site "Albena"]
[Date "2017.06.19"]
[Round "3"]
[White "Dimov, Iskren"]
[Black "Huhndorf, Arnold"]
[Result "1/2-1/2"]
[WhiteElo "1734"]
[BlackElo "2224"]
[PlyCount "69"]
[EventDate "2017.06.17"]
[EventType "swiss"]
[EventRounds "9"]
[EventCountry "BUL"]
[SourceTitle "CBM 179 Extra"]
[Source "ChessBase"]
[SourceDate "2017.08.23"]
[SourceVersion "1"]
[SourceVersionDate "2017.08.23"]
[SourceQuality "1"]

1. d4 Nf6 2. c4 c5 3. d5 e6 4. Nc3 exd5 5. cxd5 d6 6. g3 g6 7. Bg2 Bg7 8. Nf3 0-0 9. 0-0 Re8 10. Bf4 a6 11. a4 h6 12. Re1 Nh5 13. Bd2 Nd7 14. e4 Rb8 15. a5 Qc7 16. Qc2 Nhf6 17. Na4 b5 18. axb6 Nxb6 19. Nxb6 Qxb6 20. Bc3 Bd7 21. Nd2 Bb5 22. e5 dxe5 23. Bxe5 Rbd8 24. Nc4 Bxc4 25. Qxc4 Nd7 26. Bxg7 Rxe1+ 27. Rxe1 Kxg7 28. Qc3+ Nf6 29. Rc1 Rb8 30. Rc2 Qd6 31. h3 Rc8 32. Qc4 Rb8 33. Qxc5 Qxc5 34. Rxc5 Rxb2 35. Ra5 1/2-1/2

[Event "Mittelrhein Verbandsliga-W 16/17"]
[Site "Nordrheinwestfalen"]
[Date "2016.12.18"]
[Round "5.1"]
[White "Huhndorf, Arnold"]
[Black "Pick, Stefan"]
[Result "1-0"]
[WhiteElo "2223"]
[BlackElo "2052"]
[PlyCount "57"]
[EventDate "2016.09.11"]
[EventType "team-tourn"]
[EventRounds "11"]
[EventCountry "GER"]
[SourceTitle "EXT 2022"]
[Source "ChessBase"]
[SourceDate "2021.10.06"]
[SourceVersion "1"]
[SourceVersionDate "2021.10.06"]
[SourceQuality "1"]
[WhiteTeam "Wuerselen II"]
[BlackTeam "Kerpen SK"]
[WhiteTeamCountry "GER"]
[BlackTeamCountry "GER"]

1. d4 c5 2. d5 e5 3. e4 d6 4. Nc3 a6 5. a4 f5 6. exf5 Bxf5 7. Bd3 Bxd3 8. Qxd3 Be7 9. Nf3 Nd7 10. 0-0 Ngf6 11. Ng5 Nf8 12. f4 N6d7 13. Ne6 Nxe6 14. dxe6 Nf6 15. Nd5 Nxd5 16. Qxd5 0-0 17. Qxb7 exf4 18. Bxf4 Rb8 19. Qxa6 Rxb2 20. Qd3 Rb4 21. Bd2 Rd4 22. Rxf8+ Qxf8 23. Qe2 Qf5 24. a5 Qxc2 25. Qf3 h6 26. Bc3 Bf6 27. e7 Bxe7 28. Bxd4 cxd4 29. a6 1-0

[Event "Mittelrhein Verbandsliga-W 16/17"]
[Site "Nordrheinwestfalen"]
[Date "2016.10.23"]
[Round "3.1"]
[White "Huhndorf, Arnold"]
[Black "Brueggemann, Frank1111"]
[Result "1-0"]
[WhiteElo "2223"]
[BlackElo "2033"]
[PlyCount "67"]
[EventDate "2016.09.11"]
[EventType "team-tourn"]
[EventRounds "11"]
[EventCountry "GER"]
[SourceTitle "EXT 2022"]
[Source "ChessBase"]
[SourceDate "2021.10.06"]
[SourceVersion "1"]
[SourceVersionDate "2021.10.06"]
[SourceQuality "1"]
[WhiteTeam "Wuerselen II"]
[BlackTeam "Aachen PTSV"]
[WhiteTeamCountry "GER"]
[BlackTeamCountry "GER"]

1. d4 Nf6 2. c4 e6 3. Nf3 b6 4. g3 Bb7 5. Bg2 Be7 6. 0-0 0-0 7. d5 exd5 8. Nh4 Re8 9. cxd5 c6 10. d6 Bf8 11. Nc3 Na6 12. e4 Nc5 13. Re1 Ba6 14. Re3 h5 15. h3 g6 16. e5 Nh7 17. f4 Bh6 18. b4 Ne6 19. Rf3 Bg7 20. Bb2 Bc4 21. Bf1 Bxf1 22. Rxf1 b5 23. Kg2 a5 24. Ne4 axb4 25. f5 Nef8 26. Qb3 Rxe5 27. Bxe5 Bxe5 28. fxg6 Ng5 29. Rae1 Ra3 30. gxf7+ Kh8 31. Qxb4 Rxa2+ 32. Kh1 Ra4 33. Qc5 Bd4 34. Qxg5 1-0

[Event "BL2-West 1617"]
[Site "Germany"]
[Date "2016.10.16"]
[Round "1.8"]
[White "Huhndorf, Arnold"]
[Black "Harff, Marcel"]
[Result "1/2-1/2"]
[WhiteElo "2224"]
[BlackElo "2340"]
[PlyCount "56"]
[EventDate "2016.10.16"]
[EventType "team-tourn"]
[EventRounds "9"]
[EventCountry "GER"]
[SourceTitle "CBM 175 Extra"]
[Source "ChessBase"]
[SourceDate "2016.12.12"]
[SourceVersion "1"]
[SourceVersionDate "2016.12.12"]
[SourceQuality "1"]
[WhiteTeam "Wuerselen"]
[BlackTeam "Duesseldorf"]
[WhiteTeamCountry "GER"]
[BlackTeamCountry "GER"]

1. d4 e6 2. c4 Nf6 3. Nf3 b6 4. g3 Bb7 5. Bg2 Bb4+ 6. Bd2 Bxd2+ 7. Qxd2 0-0 8. Nc3 Ne4 9. Nxe4 Bxe4 10. 0-0 d6 11. Ne1 Bxg2 12. Nxg2 Nd7 13. Rfd1 Qe7 14. Qc2 Nf6 15. Ne3 g6 16. Rac1 Rac8 17. b4 c5 18. Qb2 cxb4 19. Qxb4 Rc7 20. a4 Rfc8 21. Ra1 Ne4 22. a5 bxa5 23. Rxa5 Rb7 24. Qa3 Rcb8 25. Qd3 Nf6 26. Qa3 h5 27. c5 dxc5 28. Qxc5 Qxc5 1/2-1/2

[Event "Oberliga NRW 1516"]
[Site "Germany"]
[Date "2016.03.06"]
[Round "7.7"]
[White "Huhndorf, Arnold"]
[Black "De Weerd, Warner"]
[Result "0-1"]
[WhiteElo "2220"]
[BlackElo "2144"]
[PlyCount "22"]
[EventDate "2015.09.27"]
[EventType "team-tourn"]
[EventRounds "9"]
[EventCountry "GER"]
[SourceTitle "EXT 2017"]
[Source "ChessBase"]
[SourceDate "2016.10.25"]
[SourceVersion "1"]
[SourceVersionDate "2016.10.25"]
[SourceQuality "1"]
[WhiteTeam "Wuerselen"]
[BlackTeam "Wattenscheid"]
[WhiteTeamCountry "GER"]
[BlackTeamCountry "GER"]

1. d4 d6 2. c4 e5 3. Nc3 exd4 4. Qxd4 Nc6 5. Qd2 Nf6 6. g3 Be6 7. b3 d5 8. cxd5 Bb4 9. dxe6 Ne4 10. exf7+ Kf8 11. Nxe4 Qd4 0-1

[Event "Oberliga NRW 1516"]
[Site "Germany"]
[Date "2016.01.10"]
[Round "5.6"]
[White "Huhndorf, Arnold"]
[Black "Fieberg, Samuel"]
[Result "0-1"]
[WhiteElo "2220"]
[BlackElo "2181"]
[PlyCount "76"]
[EventDate "2015.09.27"]
[EventType "team-tourn"]
[EventRounds "9"]
[EventCountry "GER"]
[SourceTitle "EXT 2017"]
[Source "ChessBase"]
[SourceDate "2016.10.25"]
[SourceVersion "1"]
[SourceVersionDate "2016.10.25"]
[SourceQuality "1"]
[WhiteTeam "Wuerselen"]
[BlackTeam "Koeln Porz II"]
[WhiteTeamCountry "GER"]
[BlackTeamCountry "GER"]

1. d4 d5 2. c4 c6 3. Nf3 Nf6 4. Nc3 e6 5. g3 Nbd7 6. Bg2 Be7 7. 0-0 0-0 8. b3 b6 9. Qc2 Ba6 10. Rd1 Rc8 11. e4 dxc4 12. Nd2 c5 13. d5 exd5 14. Nxd5 Nxd5 15. exd5 c3 16. Ne4 f5 17. Nxc3 c4 18. d6 Bf6 19. b4 Bxc3 20. Qxc3 Nf6 21. Bb2 Qd7 22. Rd4 b5 23. Rad1 Rcd8 24. Qa3 Bc8 25. Qa5 Rf7 26. a4 a6 27. axb5 axb5 28. Qb6 Ne4 29. Rxe4 fxe4 30. Bxe4 Bb7 31. Bxb7 Rb8 32. Qc5 Qxb7 33. Be5 Rc8 34. Qe3 Qf3 35. Qxf3 Rxf3 36. d7 Rd8 37. Bc7 Rd3 38. Rxd3 cxd3 0-1

[Event "Munsterland op 33rd"]
[Site "Senden"]
[Date "2015.10.13"]
[Round "5"]
[White "Huhndorf, Arnold"]
[Black "Krebel, Christoph"]
[Result "1-0"]
[WhiteElo "2255"]
[BlackElo "2040"]
[PlyCount "71"]
[EventDate "2015.10.10"]
[EventType "swiss"]
[EventRounds "9"]
[EventCountry "GER"]
[SourceTitle "CBM 168 Extra"]
[Source "ChessBase"]
[SourceDate "2015.10.29"]
[SourceVersion "1"]
[SourceVersionDate "2015.10.29"]
[SourceQuality "1"]

1. d4 d5 2. c4 c6 3. Nf3 Nf6 4. Nc3 dxc4 5. g3 Bf5 6. Ne5 Nbd7 7. Nxc4 e6 8. Bg2 Be7 9. 0-0 0-0 10. e4 Bg6 11. a3 b5 12. Nd2 Nb6 13. Nb3 a5 14. e5 Nfd5 15. Ne4 Nd7 16. Bf4 Rc8 17. Rc1 Qb6 18. Nbc5 Rfd8 19. Bg5 Bxg5 20. Nxg5 Nxc5 21. dxc5 Qc7 22. Qe2 Qe7 23. h4 h6 24. Ne4 Bxe4 25. Bxe4 Rd7 26. Bb1 Rf8 27. Qe4 f5 28. exf6 Nxf6 29. Qxc6 Rd2 30. Rc2 Rfd8 31. Rxd2 Rxd2 32. Qxb5 Ng4 33. Qb8+ Rd8 34. Qf4 Nf6 35. b4 axb4 36. axb4 1-0

[Event "Munsterland op 33rd"]
[Site "Senden"]
[Date "2015.10.12"]
[Round "4"]
[White "Gebhardt, Ulrich"]
[Black "Huhndorf, Arnold"]
[Result "1-0"]
[WhiteElo "2170"]
[BlackElo "2255"]
[PlyCount "45"]
[EventDate "2015.10.10"]
[EventType "swiss"]
[EventRounds "9"]
[EventCountry "GER"]
[SourceTitle "CBM 168 Extra"]
[Source "ChessBase"]
[SourceDate "2015.10.29"]
[SourceVersion "1"]
[SourceVersionDate "2015.10.29"]
[SourceQuality "1"]

1. d4 Nf6 2. c4 c5 3. d5 e6 4. Nc3 exd5 5. cxd5 d6 6. e4 g6 7. f4 Bg7 8. Bb5+ Nfd7 9. Nf3 0-0 10. 0-0 a6 11. Bd3 b5 12. Kh1 Re8 13. f5 Nf6 14. Bg5 b4 15. Ne2 h6 16. Bxf6 Qxf6 17. fxg6 fxg6 18. e5 dxe5 19. Nfd4 Qg5 20. Ne6 Rxe6 21. dxe6 Bxe6 22. Be4 Ra7 23. Qd6 1-0

[Event "Staufer op-A 27th"]
[Site "Schwaebisch Gmuend"]
[Date "2015.01.05"]
[Round "8"]
[White "Fuss, Klaus"]
[Black "Huhndorf, Arnold"]
[Result "1/2-1/2"]
[WhiteElo "2095"]
[BlackElo "2273"]
[PlyCount "54"]
[EventDate "2015.01.02"]
[EventType "swiss"]
[EventRounds "9"]
[EventCountry "GER"]
[SourceTitle "CBM 164 Extra"]
[Source "ChessBase"]
[SourceDate "2015.03.02"]
[SourceVersion "1"]
[SourceVersionDate "2015.03.02"]
[SourceQuality "1"]

1. e4 c5 2. Nf3 g6 3. d4 cxd4 4. Nxd4 Nc6 5. c4 Nf6 6. Nc3 d6 7. Be2 Nxd4 8. Qxd4 Bg7 9. 0-0 0-0 10. Qd1 Be6 11. Be3 a6 12. Rc1 Qa5 13. Qd2 Rfc8 14. b3 b5 15. Nd5 Qxd2 16. Bxd2 Bxd5 17. exd5 Ne4 18. Ba5 Bb2 19. Rc2 Bd4 20. g3 Bc5 21. Bd3 Nf6 22. Bc3 b4 23. Bxf6 exf6 24. Re2 Re8 25. Rfe1 Re5 26. Kg2 Rae8 27. f4 Rxe2+ 1/2-1/2

[Event "Staufer op-A 27th"]
[Site "Schwaebisch Gmuend"]
[Date "2015.01.05"]
[Round "7"]
[White "Huhndorf, Arnold"]
[Black "Bluma, Marcel"]
[Result "0-1"]
[WhiteElo "2273"]
[BlackElo "2114"]
[PlyCount "66"]
[EventDate "2015.01.02"]
[EventType "swiss"]
[EventRounds "9"]
[EventCountry "GER"]
[SourceTitle "CBM 164 Extra"]
[Source "ChessBase"]
[SourceDate "2015.03.02"]
[SourceVersion "1"]
[SourceVersionDate "2015.03.02"]
[SourceQuality "1"]

1. d4 d5 2. c4 e6 3. Nf3 Nf6 4. g3 Be7 5. Bg2 0-0 6. 0-0 Ne4 7. Nc3 c6 8. Qc2 f5 9. Rb1 Nd7 10. b4 Nb6 11. c5 Nxc3 12. Qxc3 Nd7 13. a4 Bf6 14. Bf4 g5 15. Bd6 Be7 16. Qe3 Bxd6 17. Qxe6+ Rf7 18. cxd6 Nf6 19. Qe3 Ne4 20. Ne5 Rg7 21. Bxe4 fxe4 22. f4 gxf4 23. Rxf4 Qxd6 24. b5 c5 25. Rbf1 Bh3 26. Rf6 Qc7 27. Rf7 cxd4 28. Qxd4 Rxf7 29. Nxf7 Qb6 30. Qxb6 axb6 31. Rf4 Rxa4 32. Kf2 e3+ 33. Kxe3 Rxf4 0-1

[Event "Staufer op-A 27th"]
[Site "Schwaebisch Gmuend"]
[Date "2015.01.04"]
[Round "6"]
[White "Karimi, Farhad"]
[Black "Huhndorf, Arnold"]
[Result "0-1"]
[WhiteElo "2084"]
[BlackElo "2273"]
[PlyCount "90"]
[EventDate "2015.01.02"]
[EventType "swiss"]
[EventRounds "9"]
[EventCountry "GER"]
[SourceTitle "CBM 164 Extra"]
[Source "ChessBase"]
[SourceDate "2015.03.02"]
[SourceVersion "1"]
[SourceVersionDate "2015.03.02"]
[SourceQuality "1"]

1. d4 Nf6 2. Nf3 g6 3. h4 d5 4. Nc3 Bg7 5. Bf4 Bf5 6. Ne5 c6 7. Qd2 Nfd7 8. h5 Nxe5 9. dxe5 Nd7 10. f3 Nxe5 11. h6 Bf6 12. e3 Qa5 13. e4 dxe4 14. Nxe4 Qxd2+ 15. Bxd2 Bxe4 16. fxe4 0-0-0 17. 0-0-0 Ng4 18. Bc4 Nf2 19. Bxf7 Nxh1 20. Be6+ Kb8 21. Bf4+ Ka8 22. Rxh1 Bd4 23. c3 Rhf8 24. g3 Bc5 25. b4 Bd6 26. e5 Bc7 27. Kc2 b5 28. Re1 a5 29. a3 Kb7 30. Re2 Ra8 31. Kb3 axb4 32. axb4 Ra1 33. Kb2 Rf1 34. Rd2 g5 35. Be3 Re1 36. Bc5 Rxe5 37. Bg4 Re4 38. Be2 Rd8 39. Bd3 Re6 40. Bd4 Rxh6 41. Bc5 Bxg3 42. Bxe7 Bf4 43. Rd1 Rh2+ 44. Kb3 Rd7 45. Bc5 h5 0-1